000
00310nam a22001217a 4500
008
180424b xxu||||| |||| 00| 0 eng d
041
_a
eng
080
_a
043.3
100
_a
0
101
_a
INI-BTH
245
_a
Skelet në objektin banesor B+P+7 në lagjen Arbëria, Prishtinë
_c
Krasniqi,K
942
_2
udc
_c
BK
999
_c
45438
_d
45438